000 00757nam a2200277Ia 4500
003 OSt
005 20220926013259.0
006 a|||||r|||| 00| 0
007 ta
008 220923b |||||||| |||| 00| 0 eng d
020 _a0745001467
037 _cGeneral Book
040 _aRTL
_cRTL
_beng
041 _2eng
_aeng
082 _aX:741, N0
100 _aMcNabb Robert
_9318030
245 0 _aInflation in modern economics
260 _aNew York
_bHarvester Wheatsheaf USA
_c1990
300 _axi,144p
_ccm.
500 _aBibliography p 138-42
650 _a Economics
650 _aInflation
700 _a McKenna Chris
_9318031
942 _hX:741, N0
_cGB
_2CC
999 _c625578
_d625578